000 00666nam a2200217 i 4500
001 40869
003 ES-MaACL
005 20250829112149.0
007 t|
008 030307s1972 sp ||||1| spa d
100 1 _aCarles, Jules.
_935264
245 1 3 _aLa química del vino /
_cpor Jules Carles ; [traducción de M. del Carmen de la Torre].
250 _a[1ª ed.].
260 _aVilassar de Mar, Barcelona :
_bOikos-Tau,
_c[1972]
300 _a122 p. ;
_c18 cm.
490 1 _a¿Qué sé?
700 1 _aTorre, María del Carmen de la.
_9110751
830 0 _a¿Qué sé?
_9181382
852 _aES-MaACL
_jC-53187
_bR.84014
999 _c40869
_d40869